Datum a čas kvízu
25
Celkem bodů
Celkový počet nahraných bodů na tomto kvízu bez doplňovacích otázek.
10.
Pořadí na kvízu
Konečné umístění týmu na tomto kvízu.
Zaznamenané odpovědi
| # | Otázka | Odpověď | Body | Výsledky |
|---|---|---|---|---|
| 1. | Která postava má svou sněhovou... | Krakonoš | 0 | |
| 2. | Ze kterého důvodu zrušil minul... | C | 1 | |
| 3. | 78 dní byla na vrcholu žebříčk... | Stranger Things | 1 | |
| 4. | Na technologickém veletrhu CES... | Tamagoči | 0 | |
| 5. | Minulý týden skončilo juniorsk... | Vojtěch Čihař | 0 | |
| 6. | Téma o městě, které nikdy nesp... | Flatiron (Building)/žehlička | 0 | |
| 7. | Seřaďte uvedené události od té... | 1D 2B 3C 4A | 1 | |
| 8. | Jak si říká tento americký zpě... | Lenny Kravitz; New York City | 1 | |
| 9. | Turisté v NYC míří nejen do di... | 1B 2A 3C 4D | 0 | |
| 10. | Jak se jmenuje fiktivní město,... | Gotham (City); Bronx | 0.5 |